000 00690nam a2200229 a 4500
001 BRL_668
005 20190320210838.0
008 230913s1953----sp-a######---#000-0#spa-#
041 _aspa
044 _asp
050 4 _aND623
_b.L57 1953
100 1 _aLipchitz, Jaques
_924587
245 1 0 _aAmadeo Modigliani, 1884-1920
_cJaques Lipchitz ; Versión castellana de R. Santos Torroella.
260 _aBarcelona
_bEditorial Argos
_c1953
300 _a[46] p.
_bil., láminas
_c17 cm.
440 0 _aEl libro de Arte de bolsillo
_924588
500 _aAu732
600 1 4 _aModigliani, Amadeo
_d1884-1920
_924589
700 1 _aSantos Torroella, R.
_etr.
_924590
902 _aGRL
942 _2lcc
_cB
999 _c9480
_d9480